Vzťah seniorov k reklame bakalárska práca

Na minha lista:
Detalhes bibliográficos
Autor principal: Pecnová, Sylvia
Autor Corporativo: Obchodná fakulta EU. Katedra marketingu
Outros Autores: Chebeň, Juraj
Formato: Livro
Idioma:eslovaco
Publicado em: Bratislava 2014
Tags: Adicionar Tag
Sem tags, seja o primeiro a adicionar uma tag!

MARC

LEADER 00000nbm a2200000 4500
001 0188324
005 20170201101545.4
041 0 |a slo 
044 |a SK 
245 1 0 |a Vzťah seniorov k reklame  |b bakalárska práca  |c Sylvia Pecnová ; školiteľ: Juraj Chebeň 
264 1 |a Bratislava  |c 2014 
300 |a 59 s. 
100 1 |a Pecnová, Sylvia 
700 1 |a Chebeň, Juraj 
710 2 |a Obchodná fakulta EU. Katedra marketingu